Principles of Double Knitting (Record no. 357848)

MARC details
000 -LEADER
fixed length control field 01134nam a22001697a 4500
005 - DATE AND TIME OF LATEST TRANSACTION
control field 20240508145741.0
008 - FIXED-LENGTH DATA ELEMENTS--GENERAL INFORMATION
fixed length control field 240502b |||||||| |||| 00| 0 eng d
041 ## - LANGUAGE CODE
Language code of text/sound track or separate title English
082 ## - DEWEY DECIMAL CLASSIFICATION NUMBER
Classification number 646.33
Item number MOY
100 ## - MAIN ENTRY--PERSONAL NAME
Author Moyer Earl D.
245 ## - TITLE STATEMENT
Title Principles of Double Knitting
260 ## - PUBLICATION, DISTRIBUTION, ETC.
Name of publisher, distributor, etc. Montrose Supply & Equipment Co.
Date of publication, distribution, etc. 1972
300 ## - PHYSICAL DESCRIPTION
Extent 121
520 ## - SUMMARY, ETC.
Summary, etc. • Weaving<br/>• Warp & Weft Knitting<br/>• Types of Needles<br/>• Needle Housing of Weft Knitting Machines<br/>• The Latch Needle in Operation<br/>• Cam Action<br/>• Construction of Fabric<br/>• Types of Double Knit Machines<br/>• Gating<br/>• Miss & Tuck Stitches<br/>• Classic Fabrics<br/>• Tension<br/>• Needle Timing<br/>• Yarn Carrier Settings<br/>• Jacquard Fabrics<br/>• Yielding<br/>• Trouble Shooting<br/>• Barrs & Color Defects<br/>• Needle Oiling<br/>• Re-needling of Double Knit Machines<br/>• Fibers<br/>• Production Formula<br/>• Patterning on Wheel Machines<br/>• Patterning on Drum Machines<br/>• Patterning on Peg Drum Machines<br/>• Patterning on Clavette Drum Machines<br/>• Jacquard Card Patterning<br/>• Mini-Jacquard<br/>
650 ## - SUBJECT ADDED ENTRY--TOPICAL TERM
Topical term or geographic name entry element Knitting
942 ## - ADDED ENTRY ELEMENTS (KOHA)
Koha item type Donated Book
Holdings
Withdrawn status Lost status Source of classification or shelving scheme Damaged status Not for loan Home library Current library Date acquired Total Checkouts Full call number Barcode Date last seen Actual Price Koha item type Original Barcode
    Dewey Decimal Classification     School of Fashion Technology School of Fashion Technology 22/03/2024   646.33 MOY SOFT-BK-D90 02/05/2024 1.00 Donated Book D90